<?xml version="1.0" encoding="UTF-8"?>
<record
    xmlns:xsi="http://www.w3.org/2001/XMLSchema-instance"
    xsi:schemaLocation="http://www.loc.gov/MARC21/slim http://www.loc.gov/standards/marcxml/schema/MARC21slim.xsd"
    xmlns="http://www.loc.gov/MARC21/slim">

  <leader>02085nam a22003017a 4500</leader>
  <controlfield tag="003">OSt</controlfield>
  <controlfield tag="005">20251229154849.0</controlfield>
  <controlfield tag="008">251121b        |||||||| |||| 00| 0 eng d</controlfield>
  <datafield tag="020" ind1=" " ind2=" ">
    <subfield code="a">9789587672870</subfield>
  </datafield>
  <datafield tag="037" ind1=" " ind2=" ">
    <subfield code="b">Donaci&#xF3;n</subfield>
  </datafield>
  <datafield tag="040" ind1=" " ind2=" ">
    <subfield code="a">CO-JMCR</subfield>
    <subfield code="b">spa</subfield>
    <subfield code="c">CO-JMCR</subfield>
    <subfield code="d">CO-JMCR</subfield>
    <subfield code="e">rda</subfield>
  </datafield>
  <datafield tag="041" ind1="0" ind2=" ">
    <subfield code="a">Spa</subfield>
  </datafield>
  <datafield tag="082" ind1="0" ind2="4">
    <subfield code="a">344.86102</subfield>
    <subfield code="b">H43s</subfield>
  </datafield>
  <datafield tag="100" ind1="1" ind2=" ">
    <subfield code="a">Hern&#xE1;ndez Bayona, Carlos Eduardo, </subfield>
    <subfield code="9">158762</subfield>
    <subfield code="e">autor </subfield>
  </datafield>
  <datafield tag="245" ind1="1" ind2="0">
    <subfield code="a">Sistema general de pensiones colombiano : </subfield>
    <subfield code="b">Visi&#xF3;n integral a partir de la afiliaci&#xF3;n /</subfield>
    <subfield code="c">Carlos Eduardo Hern&#xE1;ndez Bayona</subfield>
  </datafield>
  <datafield tag="250" ind1=" " ind2=" ">
    <subfield code="a">Edici&#xF3;n / Tercera</subfield>
  </datafield>
  <datafield tag="264" ind1=" " ind2=" ">
    <subfield code="a">Bogot&#xE1; : </subfield>
    <subfield code="b">Legis,</subfield>
    <subfield code="c">2022</subfield>
  </datafield>
  <datafield tag="300" ind1=" " ind2=" ">
    <subfield code="a">125 p&#xE1;ginas :</subfield>
    <subfield code="c">24 cm.</subfield>
  </datafield>
  <datafield tag="500" ind1=" " ind2=" ">
    <subfield code="a">Incluye biograf&#xED;a </subfield>
  </datafield>
  <datafield tag="501" ind1=" " ind2=" ">
    <subfield code="a">Con : Introducci&#xF3;n </subfield>
  </datafield>
  <datafield tag="504" ind1=" " ind2=" ">
    <subfield code="a">Incluye nota bibliogr&#xE1;fica</subfield>
  </datafield>
  <datafield tag="505" ind1="2" ind2=" ">
    <subfield code="a">La afiliaci&#xF3;n al sistema general de pensiones -- Caracterizaci&#xF3;n -- Elementos -- Efectos</subfield>
  </datafield>
  <datafield tag="520" ind1="3" ind2=" ">
    <subfield code="a">Partiendo de la relaci&#xF3;n que se establece entre afiliados y administradoras de pensiones, este libro desarrolla los aspectos m&#xE1;s importantes del Sistema General de Pensiones y, con rigor jur&#xED;dico y un lenguaje claro y sencillo, permite a los lectores comprender una estructura legal caracterizada por su prolijidad, dispersi&#xF3;n y complejidad, a trav&#xE9;s de un estudio esquem&#xE1;tico y una ordenaci&#xF3;n metodol&#xF3;gica que brinda una visi&#xF3;n integral del referido sistema. Mediante an&#xE1;lisis que van acompa&#xF1;ados de referencias normativas actualizadas, se explican de manera simplificada y did&#xE1;ctica aspectos de inter&#xE9;s general que parten del primer contacto que se tiene con el sistema (la afiliaci&#xF3;n), sus requisitos, efectos y caracter&#xED;sticas; la estructura (qui&#xE9;nes intervienen y qu&#xE9; papel cumplen, qu&#xE9; obligaciones surgen para las partes, cu&#xE1;les son los derechos de los afiliados, qu&#xE9; prestaciones ofrece y c&#xF3;mo se accede a ellas, entre otros).</subfield>
  </datafield>
  <datafield tag="650" ind1=" " ind2="7">
    <subfield code="a">Seguridad social</subfield>
    <subfield code="x">Legislaci&#xF3;n</subfield>
    <subfield code="z">Colombia</subfield>
    <subfield code="9">24116</subfield>
    <subfield code="2">JMCR</subfield>
  </datafield>
  <datafield tag="650" ind1=" " ind2="7">
    <subfield code="a">Sistema general de seguridad social en salud</subfield>
    <subfield code="z">Colombia</subfield>
    <subfield code="9">32404</subfield>
    <subfield code="2">JMCR</subfield>
  </datafield>
  <datafield tag="650" ind1=" " ind2="7">
    <subfield code="a">Pensiones a la vejez</subfield>
    <subfield code="x">Legislaci&#xF3;n</subfield>
    <subfield code="z">Colombia</subfield>
    <subfield code="9">175979</subfield>
    <subfield code="2">JMCR</subfield>
  </datafield>
  <datafield tag="942" ind1=" " ind2=" ">
    <subfield code="2">ddc</subfield>
    <subfield code="c">BK</subfield>
  </datafield>
  <datafield tag="999" ind1=" " ind2=" ">
    <subfield code="c">31117</subfield>
    <subfield code="d">17501</subfield>
  </datafield>
  <datafield tag="952" ind1=" " ind2=" ">
    <subfield code="0">0</subfield>
    <subfield code="1">0</subfield>
    <subfield code="2">ddc</subfield>
    <subfield code="4">0</subfield>
    <subfield code="7">0</subfield>
    <subfield code="8">NFIC</subfield>
    <subfield code="a">CPL</subfield>
    <subfield code="b">CPL</subfield>
    <subfield code="c">CART</subfield>
    <subfield code="d">2024-11-01</subfield>
    <subfield code="e">donaci&#xF3;n</subfield>
    <subfield code="l">0</subfield>
    <subfield code="o">344.86102 H43s</subfield>
    <subfield code="p">201811987</subfield>
    <subfield code="r">2025-11-21 12:30:37</subfield>
    <subfield code="t">Ej. 1</subfield>
    <subfield code="w">2025-11-21</subfield>
    <subfield code="y">BK</subfield>
  </datafield>
</record>
